| 000 | 00880cam a22002535a 4500 | ||
|---|---|---|---|
| 001 | 3153055 | ||
| 005 | 20180121143300.0 | ||
| 008 | 751128s1975 enka frb 001 0 eng d | ||
| 020 | _a0582480647 | ||
| 040 |
_aDLC _cDLC _dDLC _dEG-ScBUE _beng |
||
| 043 | _ad------ | ||
| 082 | 0 | 4 |
_a301.54091724 _222 _bDWY |
| 100 | 1 |
_aDwyer, D. J. _q(Denis John) |
|
| 245 | 1 | 0 |
_aPeople and housing in Third World cities : _bperspectives on the problem of spontaneous settlements / _cD. J. Dwyer. |
| 260 |
_aLondon ; _aNew York : _bLongman, _c1975. |
||
| 300 |
_axi, 286 p. : _bill. ; _c23 cm. |
||
| 504 | _aIncludes bibliographical references and index. | ||
| 650 | 7 |
_aHousing _zDeveloping countries. _2BUEsh |
|
| 650 | 7 |
_aSquatter settlements _zDeveloping countries. _2BUEsh |
|
| 650 | 7 |
_aSquatters _zDeveloping countries. _2BUEsh |
|
| 651 | _2BUEsh | ||
| 653 |
_bGGEN _cJanuary2018 |
||
| 942 | _2ddc | ||
| 999 |
_c25980 _d25952 |
||